Landlordism in India (Record no. 364496)

000 -LEADER
fixed length control field 00336cam a22001337a 4500
008 - FIXED-LENGTH DATA ELEMENTS--GENERAL INFORMATION
fixed length control field 180718b1931 xxu||||| |||| 00| 0 eng d
082 ## - DEWEY DECIMAL CLASSIFICATION NUMBER
Classification number Y15x54 D954
100 ## - MAIN ENTRY--PERSONAL NAME
Personal name Dutt, D.
245 ## - TITLE STATEMENT
Title Landlordism in India
Statement of responsibility, etc. by D. Dutt
260 ## - PUBLICATION, DISTRIBUTION, ETC.
Place of publication, distribution, etc. Bombay
Name of publisher, distributor, etc. Taraporewala
Date of publication, distribution, etc. 1931
300 ## - PHYSICAL DESCRIPTION
Extent 138p.
500 ## - GENERAL NOTE
General note Rs.8.00
650 ## - SUBJECT ADDED ENTRY--TOPICAL TERM
Topical term or geographic name entry element Land Tenure - India
Holdings
Withdrawn status Lost status Damaged status Not for loan Permanent Location Current Location Date acquired Full call number Barcode Date last seen Price effective from Koha item type
        Indian Institute of Public Administration Indian Institute of Public Administration 1994-04-08 Y15x54 D954 25926 2018-07-21 2018-07-21 Book

Powered by Koha